00466nam a2200145Ia 4500008004100000041001200041082001100053100001700064245006000081260000600141650000700147942000700154999001700161952014200178221030s9999 xx 000 0 und d aEnglish a105.23 aV. S. P. Rao 0aHuman Resource Management Text & Casescby V. S. P. Rao c0 aMb cBK c12687d12687 pMB 677l0o105.23 r2022-10-30 00:00:00w2022-10-30yBK003Print4070aMIETLIBbMIETLIBcBL-, FL-, CUP-0, SH-0, R-0d2012-06-1610HMBA